00827nam a22002417a 45000010005000000030006000050050017000110080041000280200017000690400029000860500008001150820010001231000013001332450048001462600041001943000049002354900051002845050008003355200161003435210029005045210020005337000032005538218FISKH20250903102514.0250903b cb ||||| |||| 00| 0 eng d a708431212299 aFISKHbengcFISKHdFISKH aPZ7 a398.2 aLeapfrog aCars 2 : Project undercover / cBy Leapfrog aEmeryville, CA ,bLeapfrog , c2011. a25 pages : bcolor illustrations; c24 cm .  aCars (Disney•Pixar) (Readers — Tag Reader) aJ  aTeaches world cultures, feelings and emotions, advanced vocabulary and first words in world languages through the adventures of Mater and Lightning McQueen.8 a500 bLexile estimate 8 aJ bRaz-Plus  aIboix, EstudieIllustrator